Escritos sobre cine

Сохранить в:
Библиографические подробности
Главный автор: Maiakovski, Vladimir Vladimirovich (autor)
Формат:
Язык:испанский
Опубликовано: Nevsky Prospects 2013
Редактирование:1a. ed
Предметы:
Метки: Добавить метку
Нет меток, Требуется 1-ая метка записи!

MARC

LEADER 00000cam a2200000 a 4500
001 UCE1191
003 CL-VaPUC
008 140331e20130000sp |||||||||||||||||spa|d
020 |a 9788493935870 
082 0 4 |a 791.4309  |b MAI  |2 21 
100 |a Maiakovski, Vladimir Vladimirovich  |e autor  |9 302511 
245 1 0 |a Escritos sobre cine 
250 |a 1a. ed 
300 |a 111 p 
942 |c BK 
945 |d 20140331 09:48:00  |a dcastane 
260 |b Nevsky Prospects  |c 2013 
650 0 |a Crítica de cine   |9 267411 
650 0 |a Cinematografía  |9 265198 
583 |a last modification  |c 20140331 09:48:00  |k Rodrigo Vera 
999 |c 355070  |d 355068 
952 |0 0  |1 0  |3 erb  |4 0  |6 791_430900000000000_MAI_2013  |7 0  |8 A  |9 461427  |a FDOSRS  |b FDOSRS  |i 5065143  |o 791.4309 MAI 2013  |p 5065143  |r 2025-03-13  |w 2019-11-23  |y BK  |z Catalogado en:20140331  |k SRS